000 00290 a2200121 4500
001 12601
082 _a515.3521 KUZ
090 _c9612
_d9612
100 _aKuzmin,G.A
245 _aBoundary value problems for transient flow
260 _aNY
_bJohn Wiley
_c2002
300 _axii, 304 p.
942 _aNUST-CAE
_k515.3521 KUZ
999 _c247674
_d247674